01690nam a2200421 a 4500001001200000003000800012006001900020007001500039008004100054010001700095020001800112020002700130040002100157035002100178050002500199082001900224245013300243260004300376300003700419490002900456500008500485504005100570533015200621650003000773650004200803650001800845650003900863650003800902650002100940650003500961655002900996700001901025710001601044710001701060830004801077856012601125999001701251ebr10583938CaPaEBRm u cr cn|||||||||120413s2012 dcua sb 001 0 eng d z 2012014666 z9780821389621 z9780821389638 (e-book) aCaPaEBRcCaPaEBR a(OCoLC)80644480114aHT241b.U7273 2012eb04a307.76097322300aUrban risk assessmentsh[electronic resource] :bunderstanding disaster and climate risk in cities /cEric Dickson ... [et al.]. aWashington, D.C. :bWorld Bank,c2012. axvi, 256 p. :bill. (some col.).1 aUrban development series a"The report was prepared by a Bank team comprised of Eric Dickson ... [et al.]." aIncludes bibliographical references and index. aElectronic reproduction.bPalo Alto, Calif. :cebrary,d2011.nAvailable via World Wide Web.nAccess may be limited to ebrary affiliated libraries. 0aUrban ecology (Sociology) 0aCity planningxEnvironmental aspects. 0aUrban policy. 0aNatural disastersxSocial aspects. 0aClimatic changesxSocial aspects. 0aRisk assessment. 0aEnvironmental risk assessment. 7aElectronic books.2local1 aDickson, Eric.2 aWorld Bank.2 aebrary, Inc. 0aUrban development series (Washington, D.C.)40uhttp://site.ebrary.com/lib/rucke/Doc?id=10583938zAn electronic book accessible through the World Wide Web; click to view c82437d82437